Plus grandes villes du Languedoc-Roussillon - Statistiques

Statistiques générales
  • Ce quiz a été pris 116 fois
  • Le résultat moyen est 10 sur 15
Statistiques - réponses
Département Ville % Correct
Hérault Montpellier
98%
Gard Nîmes
94%
Pyrénées Orientales Perpignan
94%
Aude Carcassonne
90%
Hérault Béziers
89%
Aude Narbonne
84%
Hérault Sète
80%
Gard Alès
70%
Hérault Agde
68%
Hérault Lunel
58%
Hérault Frontignan
33%
Hérault Castelnau-le-Lez
31%
Gard Beaucaire
24%
Hérault Bagnols-sur-Cèze
20%
Hérault Mauguio
20%
Aucun quiz correspondant
Distribution des résultats
% des personnes avec chaque résultat
Percentile par nombre de réponses
Votre historique - résultats
Vous n’avez pas pris ce quiz